000 01087nam a2200205Ia 4500
003 OSt
005 20210908145307.0
008 210310s1995 ck ao gr 100 0 spa d
040 _aCO-JMCR
_cCO-JMCR
041 0 _aspa
082 0 4 _a332.722 /
_bC766u
_223
111 2 _aConvención del Instituto Jurídico de Uniapravi.
_n(17° :
_d1995 :
_cCartagena)
_938766
245 1 0 _aUniapravi Instituto Jurídico :
_bXVII Convención /
260 _aCartagena :
_bInstituto Jurídico Uniapravi,
_c1995
300 _a141 páginas ;
_bilustraciones y fotografías a blanco y negro ;
_c28 cm.
505 0 _aTitularización y fondos privados de pensiones y jubilación -- Diversificación de las asociaciones de ahorro y préstamo: Multibanca -- Novedades en los sistemas notariales y registrales -- Libre -- El impacto del Acuerdo de Basilea para las entidades financiadoras de vivienda
650 1 4 _aFondos Privados
_916572
_vCongresos, conferencias, etc.
_xPensiones y jubilación
650 2 4 _aSistemas notariales y registrales
_vCongresos, conferencias, etc.
_xNovedades
_938767
942 _2ddc
_cBK
999 _c8187
_d8187